Hóa học hữu cơ Tập 3
Gồm 5 chương: Hợp chất chứa Nitơ; Các hợp chất dị vòng; Hidroxicacbonyl và Gluxit; Amino Axit - Protein; và Hợp chất cao phân tử (Polyme).
保存先:
| その他の著者: | |
|---|---|
| フォーマット: | 図書 |
| 言語: | Undetermined |
| 出版事項: |
H.
Giáo dục Việt Nam
2010
|
| 主題: | |
| オンライン・アクセス: | http://lrc.tdmu.edu.vn/opac/search/detail.asp?aID=2&ID=7562 |
| タグ: |
タグ追加
タグなし, このレコードへの初めてのタグを付けませんか!
|
| Thư viện lưu trữ: | Trung tâm Học liệu Trường Đại học Thủ Dầu Một |
|---|
| LEADER | 00854nam a2200217Ia 4500 | ||
|---|---|---|---|
| 001 | TDMU_7562 | ||
| 008 | 210410s9999 xx 000 0 und d | ||
| 082 | |a 547 | ||
| 090 | |b H401 | ||
| 245 | 0 | |a Hóa học hữu cơ | |
| 245 | 0 | |c Đỗ Đình Rãng [và nh. ng. khác] | |
| 245 | 0 | |n Tập 3 | |
| 260 | |a H. | ||
| 260 | |b Giáo dục Việt Nam | ||
| 260 | |c 2010 | ||
| 300 | |a 391 tr. | ||
| 520 | |a Gồm 5 chương: Hợp chất chứa Nitơ; Các hợp chất dị vòng; Hidroxicacbonyl và Gluxit; Amino Axit - Protein; và Hợp chất cao phân tử (Polyme). | ||
| 650 | |a Hóa học |x Hữu cơ; Hóa hữu cơ | ||
| 700 | |a Đỗ, Đình Rãng | ||
| 856 | |u http://lrc.tdmu.edu.vn/opac/search/detail.asp?aID=2&ID=7562 | ||
| 980 | |a Trung tâm Học liệu Trường Đại học Thủ Dầu Một | ||